LEADER 01063nam 2200373 450 001 9910817629403321 005 20230630000230.0 010 $a1-912552-56-6 035 $a(CKB)4100000011761933 035 $a(MiAaPQ)EBC6473802 035 $a(EXLCZ)994100000011761933 100 $a20210322d2021 uy 0 101 0 $aeng 135 $aurcnu|||||||| 181 $ctxt$2rdacontent 182 $cc$2rdamedia 183 $acr$2rdacarrier 200 10$aChristian art. /$fMichelle P. Brown 210 1$aOxford, England :$cLion Hudson LTD,$d[2021] 210 4$d©2021 215 $a1 online resource (372 pages) $cillustrations 311 $a1-912552-55-8 320 $aIncludes bibliographical references and index. 606 $aChristian art and symbolism 615 0$aChristian art and symbolism. 676 $a246 700 $aBrown$b Michelle$g(Michelle P.),$0157405 801 0$bMiAaPQ 801 1$bMiAaPQ 801 2$bMiAaPQ 906 $aBOOK 912 $a9910817629403321 996 $aChristian art$93916928 997 $aUNINA LEADER 01204nam0 22003013i 450 001 VAN00098139 005 20240806100708.360 100 $a20140612d1988 |0itac50 ba 101 $aita 102 $aIT 105 $a|||| ||||| 200 1 $aA che prezzo gli incentivi?$egli economisti e l'ambiente$fSteven Kelman$gpresentazione di Sebastiano Maffettone$gintroduzione di Chicco Testa 210 $aMilano$cAngeli$d1988 215 $a177 p.$d22 cm. 410 1$1001VAN00093427$12001 $aAmbiente e societą$1210 $aMilano$cAngeli.$v2 606 $aInquinamento$xControllo$3VANC002925$2FI 620 $dMilano$3VANL000284 676 $a333.7$v21 700 1$aKelman$bSteven$3VANV077480$0118094 702 1$aMaffettone$bSebastiano$3VANV000839 702 1$aTesta$bChicco$3VANV049066 712 $aFrancoAngeli $3VANV107955$4650 801 $aIT$bSOL$c20240906$gRICA 899 $aBIBLIOTECA DEL DIPARTIMENTO DI ECONOMIA$1IT-CE0106$2VAN03 912 $aVAN00098139 950 $aBIBLIOTECA DEL DIPARTIMENTO DI ECONOMIA$d03PREST IIINc11 $e03 2232 20140612 996 $aA che prezzo gli incentivi$9466065 997 $aUNICAMPANIA